|
|
|
|
| LEADER |
00000nam a2200000Ii 4500 |
| 001 |
DIGUCCH0058 |
| 003 |
NyNyDIG |
| 008 |
230105s2011 cl ob 000 0 spa d |
| 006 |
m o d |
| 007 |
cr ||||||||||| |
| 035 |
|
|
|a (OCoLC)915055165
|
| 040 |
|
|
|a DGITA
|b eng
|e rda
|e pn
|c DGITA
|
| 020 |
|
|
|z 9789561412125
|
| 050 |
1 |
4 |
|a HD37.S8 ebook
|
| 100 |
1 |
|
|a Rodríguez Mansilla, Darío,
|e author.
|
| 245 |
1 |
0 |
|a Gestión organizacional :
|b elementos para su estudio /
|c Darío Rodríguez M.
|
| 264 |
|
1 |
|a Santiago, Chile :
|b Pontificia Universidad Católica de Chile :
|b Ediciones UC,
|c [2011]
|
| 300 |
|
|
|a 1 online resource.
|
| 336 |
|
|
|a text
|b txt
|2 rdacontent
|
| 337 |
|
|
|a computer
|b c
|2 rdamedia
|
| 338 |
|
|
|a online resource
|b cr
|2 rdacarrier
|
| 347 |
|
|
|a text file
|2 rdaft
|
| 347 |
|
|
|b PDF
|
| 504 |
|
|
|a Includes bibliographical references.
|
| 588 |
0 |
|
|a Online resource; title from PDF title page (Digitalia, viewed January 5, 2023)
|
| 650 |
|
0 |
|a Industrial management.
|
| 650 |
|
0 |
|a Industrial organization.
|
| 650 |
|
0 |
|a Organizational behavior.
|
| 791 |
2 |
|
|a Digitalia (Firm),
|e distributor.
|
| 793 |
0 |
|
|g Digitalia eBook Collection:
|a Universidad Catolica de Chile
|
| 776 |
0 |
8 |
|i Print version:
|a Rodríguez Mansilla, Darío.
|t Gestión organizacional.
|b Quinta edición actualizada.
|d Santiago, Chile : Pontificia Universidad Católica de Chile : Ediciones UC, [2011]
|z 9789561412125
|
| 856 |
4 |
0 |
|3 Digitalia Hispánica
|u https://www.digitaliapublishing.com/a/38244/
|
| 910 |
|
|
|a Premium collection: 2023
|